000 00733nam a22002057a 4500
999 _c2406
_d2406
003 AR-CdUCM
008 190304b ||||| |||| 00| 0 spa d
040 _aMUNICIPALIDAD PROVINCIAL DEL CUSCO
_cBIBLIOTECA MUNICIPAL DEL CUSCO
082 _24ed.
_a330 /
_bF88
100 _aFuchs, C.J.
_98642
245 _aEconomía política /
260 _aMexico :
_bEditora nacional,
_c1967.
300 _a206 páginas ;
_c16 cm.
505 _aLas etapas económicas de producción -- Las etapas económicas de cambio -- La economía política modera...
650 _aLas etapas económicas.
_98643
650 _aeconomía política.
_91408
650 _aetapas económicas de cambio.
_98644
942 _2ddc
_cLIBROS
945 _awfj
_d2019-03-04